[Event "Oberliga Baden 1516"]
[Site "Baden"]
[Date "2016.01.17"]
[Round "5.7"]
[White "Haas, Michael1"]
[Black "Hager, Joshua Aarash"]
[Result "1/2-1/2"]
[WhiteElo "2187"]
[BlackElo "2197"]
[PlyCount "49"]
[EventDate "2015.09.20"]
[EventType "team-tourn"]
[EventRounds "9"]
[EventCountry "GER"]
[SourceTitle "EXT 2018"]
[Source "ChessBase"]
[SourceDate "2017.10.13"]
[SourceVersion "1"]
[SourceVersionDate "2017.10.13"]
[SourceQuality "1"]
[WhiteTeam "Walldorf"]
[BlackTeam "Baden-Baden III"]
[WhiteTeamCountry "GER"]
[BlackTeamCountry "GER"]

1. e4 c5 2. d4 cxd4 3. c3 dxc3 4. Nxc3 Nc6 5. Nf3 d6 6. Bc4 a6 7. 0-0 Nf6 8. Bg5 e6 9. Qe2 h6 10. Bf4 g5 11. Be3 Ng4 12. Rad1 Be7 13. Bc1 Nge5 14. Bb3 Qc7 15. Be3 b5 16. Rc1 Qb7 17. Rfd1 Na5 18. Nxe5 dxe5 19. f3 Nxb3 20. axb3 Bd7 21. Qf2 0-0 22. h4 Rad8 23. hxg5 hxg5 24. g4 Bc6 25. Qh2 1/2-1/2

[Event "Staufer op-A 27th"]
[Site "Schwaebisch Gmuend"]
[Date "2015.01.05"]
[Round "7"]
[White "Hager, Joshua Aarash"]
[Black "Mayer, Arnd"]
[Result "1-0"]
[WhiteElo "2189"]
[BlackElo "2060"]
[PlyCount "43"]
[EventDate "2015.01.02"]
[EventType "swiss"]
[EventRounds "9"]
[EventCountry "GER"]
[SourceTitle "CBM 164 Extra"]
[Source "ChessBase"]
[SourceDate "2015.03.02"]
[SourceVersion "1"]
[SourceVersionDate "2015.03.02"]
[SourceQuality "1"]

1. e4 g6 2. d4 Bg7 3. Nc3 d6 4. f4 a6 5. Nf3 b5 6. Bd3 Nd7 7. e5 e6 8. 0-0 Ne7 9. b4 Bb7 10. a4 bxa4 11. Nxa4 Nd5 12. Bd2 c5 13. bxc5 dxc5 14. dxc5 Nxc5 15. Nxc5 Qb6 16. Ra5 Bf8 17. Kh1 Bxc5 18. Qa1 Bb4 19. Rxd5 Bxd2 20. Rd6 Qa5 21. Nxd2 Qxd2 22. Bb5+ 1-0

[Event "Verbandsliga Sued Baden 1314"]
[Site "Germany"]
[Date "2014.02.02"]
[Round "5.1"]
[White "Hager, Joshua Aarash"]
[Black "Lerch, Patrice"]
[Result "0-1"]
[WhiteElo "2189"]
[BlackElo "2353"]
[PlyCount "76"]
[EventDate "2013.10.20"]
[EventType "team-tourn"]
[EventRounds "9"]
[EventCountry "GER"]
[SourceTitle "EXT 2015"]
[Source "ChessBase"]
[SourceDate "2014.11.20"]
[SourceVersion "1"]
[SourceVersionDate "2014.11.20"]
[SourceQuality "1"]
[WhiteTeam "Baden-Baden IV"]
[BlackTeam "Lahr"]
[WhiteTeamCountry "GER"]
[BlackTeamCountry "GER"]

1. d4 Nf6 2. c4 e6 3. Nf3 b6 4. g3 Ba6 5. b3 Bb7 6. Bg2 Bb4+ 7. Bd2 a5 8. 0-0 0-0 9. Bg5 Be7 10. Nc3 Ne4 11. Nxe4 Bxe4 12. Be3 Qc8 13. Bf4 Qb7 14. Bh3 c5 15. Rc1 h6 16. Nd2 Bc6 17. dxc5 bxc5 18. e4 Ra6 19. Re1 Qa8 20. Qg4 Kh7 21. Bf1 f6 22. Bd3 Bb7 23. h4 Nc6 24. Nf3 g6 25. Bd2 Rf7 26. Qf4 Qf8 27. Bc3 Nd4 28. Nxd4 cxd4 29. Bb2 h5 30. e5 f5 31. Bxd4 Qc8 32. Re3 Bf8 33. g4 hxg4 34. h5 gxh5 35. Qg5 Kh8 36. Rg3 h4 37. Qxh4+ Rh7 38. Qf6+ Bg7 0-1

[Event "Oberliga Baden 1314"]
[Site "Germany"]
[Date "2013.12.15"]
[Round "4.7"]
[White "Berberich, Christoph"]
[Black "Hager, Joshua Aarash"]
[Result "1/2-1/2"]
[WhiteElo "2078"]
[BlackElo "2191"]
[PlyCount "46"]
[EventDate "2013.10.13"]
[EventType "team-tourn"]
[EventRounds "9"]
[EventCountry "GER"]
[SourceTitle "EXT 2015"]
[Source "ChessBase"]
[SourceDate "2014.11.20"]
[SourceVersion "1"]
[SourceVersionDate "2014.11.20"]
[SourceQuality "1"]
[WhiteTeam "Zaehringen"]
[BlackTeam "Baden-Baden III"]
[WhiteTeamCountry "GER"]
[BlackTeamCountry "GER"]

1. d4 Nf6 2. Nf3 g6 3. c4 Bg7 4. Nc3 0-0 5. e4 d6 6. Be2 e5 7. 0-0 Nc6 8. d5 Ne7 9. b4 Nh5 10. c5 Nf4 11. Bxf4 exf4 12. Rc1 f5 13. e5 dxe5 14. d6 cxd6 15. cxd6 Nc6 16. Qd5+ Kh8 17. b5 Nd4 18. Nxe5 Qe8 19. d7 Bxd7 20. Nxd7 Rd8 21. Qc5 Rxd7 22. Bf3 Qe5 23. Qxa7 Nxf3+ 1/2-1/2

[Event "Oberliga Baden 1213"]
[Site "Baden"]
[Date "2013.04.14"]
[Round "9.6"]
[White "Hager, Joshua Aarash"]
[Black "Eppinger, Georg"]
[Result "0-1"]
[WhiteElo "2190"]
[BlackElo "2222"]
[PlyCount "78"]
[EventDate "2012.10.14"]
[EventType "team-tourn"]
[EventRounds "9"]
[EventCountry "GER"]
[SourceTitle "EXT 2014"]
[Source "ChessBase"]
[SourceDate "2013.11.20"]
[SourceVersion "1"]
[SourceVersionDate "2013.11.20"]
[SourceQuality "1"]
[WhiteTeam "Baden-Baden III"]
[BlackTeam "Dreisamtal"]
[WhiteTeamCountry "GER"]
[BlackTeamCountry "GER"]

1. d4 Nf6 2. c4 g6 3. Nc3 Bg7 4. e4 0-0 5. Nge2 c5 6. d5 e6 7. Ng3 exd5 8. cxd5 Re8 9. Be2 b5 10. f3 a6 11. 0-0 h5 12. Bg5 Qb6 13. Be3 h4 14. Nh1 d6 15. b4 Nbd7 16. Rc1 Bb7 17. a4 Rad8 18. axb5 axb5 19. Bxb5 Ba6 20. Bxa6 Qxa6 21. bxc5 Nxc5 22. Nf2 Rc8 23. Re1 Nfd7 24. Bd4 Bxd4 25. Qxd4 Nb3 26. Qe3 Nxc1 27. Rxc1 Qb6 28. Qd2 Rc4 29. Rb1 Qc5 30. Ne2 Rc2 31. Qe1 Ra8 32. Nc1 Ra3 33. Kf1 Rac3 34. Nfd3 Qc4 35. Kg1 Ne5 36. Qxh4 Rxc1+ 37. Nxc1 Rxc1+ 38. Rxc1 Qxc1+ 39. Kf2 Qd2+ 0-1

[Event "Verbandsliga Sued Baden 1213"]
[Site "Baden"]
[Date "2013.03.24"]
[Round "8.2"]
[White "Hager, Joshua Aarash"]
[Black "Boos, Olivier"]
[Result "1/2-1/2"]
[WhiteElo "2190"]
[BlackElo "2018"]
[PlyCount "39"]
[EventDate "2012.10.21"]
[EventType "team-tourn"]
[EventRounds "9"]
[EventCountry "GER"]
[SourceTitle "EXT 2014"]
[Source "ChessBase"]
[SourceDate "2013.11.20"]
[SourceVersion "1"]
[SourceVersionDate "2013.11.20"]
[SourceQuality "1"]
[WhiteTeam "Baden-Baden IV"]
[BlackTeam "Oberkirch"]
[WhiteTeamCountry "GER"]
[BlackTeamCountry "GER"]

1. e4 e5 2. Nf3 Nc6 3. Bb5 Nd4 4. Nxd4 exd4 5. Bc4 c6 6. d3 d5 7. Bb3 Bc5 8. 0-0 Ne7 9. Bg5 dxe4 10. dxe4 0-0 11. Kh1 Kh8 12. Bh4 f6 13. Nd2 Ng6 14. Bg3 f5 15. exf5 Bxf5 16. Qh5 Be7 17. Nf3 Be4 18. Nd2 Bf5 19. Nf3 Be4 20. Nd2 1/2-1/2

[Event "Verbandsliga Sued Baden 1213"]
[Site "Baden"]
[Date "2012.12.16"]
[Round "3.1"]
[White "Herbrechtsmeier, Christof"]
[Black "Hager, Joshua Aarash"]
[Result "1-0"]
[WhiteElo "2306"]
[BlackElo "2190"]
[PlyCount "147"]
[EventDate "2012.10.21"]
[EventType "team-tourn"]
[EventRounds "9"]
[EventCountry "GER"]
[SourceTitle "EXT 2014"]
[Source "ChessBase"]
[SourceDate "2013.11.20"]
[SourceVersion "1"]
[SourceVersionDate "2013.11.20"]
[SourceQuality "1"]
[WhiteTeam "Emmendingen"]
[BlackTeam "Baden-Baden IV"]
[WhiteTeamCountry "GER"]
[BlackTeamCountry "GER"]

1. e4 c5 2. Nf3 e6 3. d4 cxd4 4. Nxd4 Nc6 5. Nc3 Qc7 6. Be2 Nf6 7. Be3 a6 8. 0-0 Bb4 9. Nxc6 bxc6 10. Qd4 c5 11. Qc4 Bb7 12. a3 d5 13. exd5 exd5 14. Bf4 Qe7 15. Qd3 Bxc3 16. Qxc3 0-0 17. Rfe1 Ne4 18. Qe5 Qxe5 19. Bxe5 Rfe8 20. Bc7 Re7 21. Ba5 Rae8 22. Bf1 Re6 23. f3 Nf6 24. Kf2 d4 25. Rxe6 Rxe6 26. Re1 Kf8 27. b4 Rxe1 28. Kxe1 Nd5 29. bxc5 Ne3 30. c3 dxc3 31. Bxc3 f6 32. c6 Bxc6 33. Bxa6 Nxg2+ 34. Kf2 Nf4 35. Bc4 Ke7 36. Bb3 Kd7 37. Bc2 h6 38. Bf5+ Kc7 39. Bb4 g6 40. Bd2 g5 41. Bxf4+ gxf4 42. Be4 Bb5 43. Ke1 Kd6 44. Kd2 Kc5 45. Kc3 Be2 46. h4 Bb5 47. Bd3 Bc6 48. Be2 Ba4 49. Bd3 Bc6 50. Be4 Bb5 51. Bb7 Be2 52. a4 Kb6 53. Bd5 Kc5 54. Ba8 Bd1 55. a5 Kb5 56. Kd4 Kxa5 57. Ke4 Kb5 58. Kxf4 Kc5 59. Kf5 Kd4 60. Kxf6 Be2 61. Bb7 Bd1 62. Bc6 Be2 63. f4 Ke3 64. Ke5 Kf2 65. Be8 Kg3 66. h5 Kg4 67. f5 Kg5 68. f6 Bc4 69. f7 Bxf7 70. Bxf7 Kg4 71. Bg6 Kg5 72. Be8 Kg4 73. Kf6 Kf4 74. Kg7 1-0

[Event "Oberliga Baden 1213"]
[Site "Baden"]
[Date "2012.10.14"]
[Round "1.5"]
[White "Hager, Joshua Aarash"]
[Black "Zichanowicz, Mark"]
[Result "1-0"]
[WhiteElo "2190"]
[BlackElo "2176"]
[PlyCount "127"]
[EventDate "2012.10.14"]
[EventType "team-tourn"]
[EventRounds "9"]
[EventCountry "GER"]
[SourceTitle "EXT 2014"]
[Source "ChessBase"]
[SourceDate "2013.11.20"]
[SourceVersion "1"]
[SourceVersionDate "2013.11.20"]
[SourceQuality "1"]
[WhiteTeam "Baden-Baden III"]
[BlackTeam "Waldshut"]
[WhiteTeamCountry "GER"]
[BlackTeamCountry "GER"]

1. d4 d5 2. c4 c6 3. Nf3 Nf6 4. e3 Bf5 5. Nc3 e6 6. Nh4 Bg6 7. Be2 Nbd7 8. 0-0 Bd6 9. h3 0-0 10. Nxg6 hxg6 11. Qc2 dxc4 12. Bxc4 c5 13. dxc5 Bxc5 14. Bd2 Rc8 15. Be2 Qe7 16. Rfd1 Rfd8 17. Rac1 Bb6 18. Qb1 Ne5 19. Be1 Nc6 20. a3 Rxd1 21. Rxd1 Rd8 22. Rc1 Bc7 23. Bf1 Bb8 24. Na4 Ne5 25. Nc5 Bd6 26. Nb3 Nc6 27. g3 Ne5 28. Bg2 b6 29. Qc2 Qe8 30. Qe2 Rc8 31. Rd1 Bb8 32. Nd4 Nd5 33. e4 Ne7 34. Bc3 N7c6 35. Nc2 Rd8 36. Ne3 Rxd1+ 37. Qxd1 Qd7 38. Bf1 Qxd1 39. Nxd1 Nf3+ 40. Kg2 Nfd4 41. Ba6 Nb3 42. Bb5 Nd8 43. Kf3 Bd6 44. Ne3 Bc5 45. Nc2 Bd6 46. Nb4 a5 47. Nd3 f6 48. e5 fxe5 49. Nxe5 Bxe5 50. Bxe5 Nf7 51. Bc3 Nd6 52. Bd3 Kf7 53. Be5 Nd2+ 54. Kf4 N2c4 55. Bc3 b5 56. Kg5 Nf5 57. g4 Ne7 58. Bxc4 bxc4 59. Bxa5 Nd5 60. a4 Nf6 61. Bb6 e5 62. Kh4 Nd5 63. a5 Ke6 64. Kg5 1-0

[Event "Oberliga Baden 1112"]
[Site "Germany"]
[Date "2012.02.05"]
[Round "6.5"]
[White "Schulte, Torsten"]
[Black "Hager, Joshua Aarash"]
[Result "0-1"]
[WhiteElo "2164"]
[BlackElo "2165"]
[PlyCount "58"]
[EventDate "2011.10.02"]
[EventType "team-tourn"]
[EventRounds "9"]
[EventCountry "GER"]
[SourceTitle "EXT 2013"]
[Source "ChessBase"]
[SourceDate "2012.11.22"]
[SourceVersion "1"]
[SourceVersionDate "2012.11.22"]
[SourceQuality "1"]
[WhiteTeam "Eppingen II"]
[BlackTeam "Baden-Baden III"]
[WhiteTeamCountry "GER"]
[BlackTeamCountry "GER"]

1. d4 Nf6 2. c4 d6 3. Nc3 Nbd7 4. Nf3 e5 5. e4 g6 6. g3 Bg7 7. Bg2 0-0 8. 0-0 c6 9. h3 Qb6 10. d5 cxd5 11. cxd5 Nc5 12. Nd2 Bd7 13. Rb1 Rfc8 14. Qe2 Na4 15. Nxa4 Bxa4 16. Re1 Rc2 17. Qf3 Rac8 18. Nf1 Bb5 19. Nh2 Nxe4 20. Be3 Nd2 21. Qd1 Qa5 22. b4 Qxa2 23. Ra1 Qb2 24. Bxa7 e4 25. Ra5 Rc1 26. Rxb5 Rxd1 27. Rxd1 Qa2 28. Rxb7 Qa6 29. Rd7 Qa4 0-1

[Event "Oberliga Baden 1112"]
[Site "Germany"]
[Date "2011.11.20"]
[Round "3.5"]
[White "Schmidt, Ralf"]
[Black "Hager, Joshua Aarash"]
[Result "0-1"]
[WhiteElo "2126"]
[BlackElo "2165"]
[PlyCount "86"]
[EventDate "2011.10.02"]
[EventType "team-tourn"]
[EventRounds "9"]
[EventCountry "GER"]
[SourceTitle "EXT 2013"]
[Source "ChessBase"]
[SourceDate "2012.11.22"]
[SourceVersion "1"]
[SourceVersionDate "2012.11.22"]
[SourceQuality "1"]
[WhiteTeam "Oberwinden"]
[BlackTeam "Baden-Baden III"]
[WhiteTeamCountry "GER"]
[BlackTeamCountry "GER"]

1. e4 c5 2. Nc3 Nc6 3. g3 g6 4. Bg2 Bg7 5. d3 d6 6. Be3 e5 7. Qd2 Nge7 8. Bh6 Bxh6 9. Qxh6 Nd4 10. Qd2 Qb6 11. Rb1 Be6 12. Nge2 h5 13. h4 Nxe2 14. Qxe2 Nc6 15. Qd2 Nd4 16. Nd5 Bxd5 17. exd5 Qa6 18. a3 Rc8 19. 0-0 0-0 20. f4 exf4 21. Rxf4 Rfe8 22. Re4 Re5 23. Rbe1 Rce8 24. c3 Nf5 25. Kh2 Kg7 26. Bh3 Nh6 27. Rxe5 Rxe5 28. Rxe5 dxe5 29. Qe3 Qd6 30. c4 f5 31. b4 b6 32. bxc5 bxc5 33. Qe1 Nf7 34. Qa5 Qb6 35. Qa4 Qb2+ 36. Bg2 f4 37. gxf4 exf4 38. Qd1 Ne5 39. Kg1 Qd4+ 40. Kf1 Ng4 41. Qe2 Qa1+ 42. Qe1 Ne3+ 43. Kf2 Qxe1+ 0-1

[Event "Verbandsliga Sued Baden 1011"]
[Site "Baden"]
[Date "2010.10.31"]
[Round "2.1"]
[White "Metz, Hartmut"]
[Black "Hager, Joshua Aarash"]
[Result "1/2-1/2"]
[WhiteElo "2293"]
[BlackElo "2165"]
[PlyCount "58"]
[EventDate "2010.10.17"]
[EventType "team-tourn"]
[EventRounds "9"]
[EventCountry "GER"]
[SourceTitle "EXT 2012"]
[Source "ChessBase"]
[SourceDate "2011.11.24"]
[SourceVersion "1"]
[SourceVersionDate "2011.11.24"]
[SourceQuality "1"]
[WhiteTeam "Kuppenheim"]
[BlackTeam "Baden-Baden IV"]
[WhiteTeamCountry "GER"]
[BlackTeamCountry "GER"]

1. e4 c5 2. Nf3 e6 3. d4 cxd4 4. Nxd4 Nc6 5. Nc3 Qc7 6. Be3 a6 7. Qd2 Nf6 8. 0-0-0 Be7 9. f4 d5 10. e5 Ne4 11. Nxe4 dxe4 12. Qc3 Bd7 13. Nb3 Rc8 14. a3 b5 15. Bc5 Nb8 16. Bxe7 Qxc3 17. bxc3 Kxe7 18. Kb2 Rc7 19. Rd4 Rhc8 20. Rxe4 Rxc3 21. Bd3 Bc6 22. Kxc3 Bxe4+ 23. Kd2 Bd5 24. Rb1 Nd7 25. g3 h6 26. Nd4 Nb6 27. Ra1 Nc4+ 28. Bxc4 Rxc4 29. c3 Ra4 1/2-1/2

[Event "Paris-ch op-A"]
[Site "Paris"]
[Date "2010.07.03"]
[Round "1"]
[White "Hager, Joshua Aarash"]
[Black "Kazantsev, Alexander"]
[Result "1-0"]
[WhiteElo "2181"]
[BlackElo "1969"]
[PlyCount "74"]
[EventDate "2010.07.03"]
[EventType "swiss"]
[EventRounds "9"]
[EventCountry "FRA"]
[SourceTitle "CBM 137 Extra"]
[Source "ChessBase"]
[SourceDate "2010.09.01"]
[SourceVersion "1"]
[SourceVersionDate "2010.09.01"]
[SourceQuality "1"]

1. e4 e5 2. Nf3 Nc6 3. Bb5 a6 4. Ba4 Nf6 5. 0-0 b5 6. Bb3 Be7 7. Re1 0-0 8. c3 d5 9. exd5 Nxd5 10. Nxe5 Nxe5 11. Rxe5 c6 12. d4 Bd6 13. Re1 Qh4 14. g3 Qh3 15. Re4 g5 16. Qf3 Bf5 17. Bxd5 cxd5 18. Re3 Be4 19. Rxe4 dxe4 20. Qf6 Bf4 21. Bxf4 gxf4 22. Qxf4 f5 23. Nd2 Rae8 24. a4 Qh5 25. axb5 axb5 26. Ra7 Ra8 27. Rb7 Ra1+ 28. Kg2 Qg6 29. Rxb5 e3 30. Nf3 e2 31. Re5 Re8 32. Rxf5 h6 33. Rf6 Qg7 34. Qf5 Ra5 35. d5 Kh8 36. Rf7 e1Q 37. Nxe1 Qe5 1-0

[Event "GER-ch U16"]
[Site "Oberhof"]
[Date "2010.05.29"]
[Round "9"]
[White "Hager, Joshua Aarash"]
[Black "Braun, Georg"]
[Result "0-1"]
[WhiteElo "2221"]
[BlackElo "2074"]
[PlyCount "48"]
[EventDate "2010.05.22"]
[EventType "swiss"]
[EventRounds "9"]
[EventCountry "GER"]
[SourceTitle "CBM 136 Extra"]
[Source "ChessBase"]
[SourceDate "2010.07.02"]
[SourceVersion "2"]
[SourceVersionDate "2010.07.15"]
[SourceQuality "1"]

1. e4 c5 2. Nf3 d6 3. d4 cxd4 4. Nxd4 Nf6 5. Nc3 g6 6. Be3 Bg7 7. f3 Nc6 8. Qd2 0-0 9. 0-0-0 d5 10. Kb1 Rb8 11. Be2 e5 12. Nxc6 bxc6 13. exd5 cxd5 14. Nxd5 Be6 15. Nxf6+ Qxf6 16. Bg5 Qf5 17. b3 e4 18. Qf4 Qc5 19. Bf6 exf3 20. Bxf3 Rb4 21. Be4 Rxe4 22. Qxe4 Bxf6 23. Qf3 Bf5 24. Rd2 Qa3 0-1

[Event "GER-ch 81st"]
[Site "Bad Liebenzell"]
[Date "2010.03.06"]
[Round "2"]
[White "Hager, Joshua Aarash"]
[Black "Mueller, Oliver"]
[Result "0-1"]
[WhiteElo "2221"]
[BlackElo "2297"]
[PlyCount "88"]
[EventDate "2010.03.05"]
[EventType "swiss"]
[EventRounds "9"]
[EventCountry "GER"]
[SourceTitle "CBM 135 Extra"]
[Source "ChessBase"]
[SourceDate "2010.05.04"]
[SourceVersion "1"]
[SourceVersionDate "2010.05.04"]
[SourceQuality "1"]

1. e4 c5 2. Nf3 e6 3. d4 cxd4 4. Nxd4 a6 5. c4 Nf6 6. Nc3 Bb4 7. Qf3 Qa5 8. Bd2 Qe5 9. Nc2 Bxc3 10. Bxc3 Qxe4+ 11. Qxe4 Nxe4 12. Bxg7 Rg8 13. Bd4 b5 14. cxb5 axb5 15. f3 Nd6 16. Kf2 Rg5 17. Be3 Rg6 18. Bd3 f5 19. Bf4 Nc4 20. b3 Nb6 21. Bxb5 Nd5 22. Be5 Ba6 23. Nd4 Bxb5 24. Nxb5 Nc6 25. Rhe1 Nxe5 26. Rxe5 Rb8 27. a4 Nf4 28. Ke3 Nxg2+ 29. Kd4 Ke7 30. Rc1 Nh4 31. Re3 Rg2 32. Rc7 Kd8 33. Rcc3 Rxh2 34. f4 Rf2 35. Rh3 Rxf4+ 36. Ke3 Re4+ 37. Kd3 Rg4 38. Rc1 Rc8 39. Rch1 Ng6 40. Rxh7 Rg3+ 41. Kd2 Rg2+ 42. Ke3 Rcc2 43. R1h3 d5 44. Kf3 f4 0-1

[Event "Oberliga Baden 0910"]
[Site "Germany"]
[Date "2010.02.07"]
[Round "6.2"]
[White "Hager, Joshua Aarash"]
[Black "Raupp, Thomas"]
[Result "1/2-1/2"]
[WhiteElo "2152"]
[BlackElo "2296"]
[PlyCount "57"]
[EventDate "2009.10.18"]
[EventType "team-tourn"]
[EventRounds "9"]
[EventCountry "GER"]
[SourceTitle "EXT 2011"]
[Source "ChessBase"]
[SourceDate "2010.11.26"]
[SourceVersion "1"]
[SourceVersionDate "2010.11.26"]
[SourceQuality "1"]
[WhiteTeam "Baden-Baden III"]
[BlackTeam "Eppingen II"]
[WhiteTeamCountry "GER"]
[BlackTeamCountry "GER"]

1. e4 c5 2. Nf3 Nc6 3. d4 cxd4 4. Nxd4 d5 5. exd5 Qxd5 6. Be3 e6 7. c4 Bb4+ 8. Nc3 Qe5 9. Nxc6 bxc6 10. Qd4 Qxd4 11. Bxd4 Nf6 12. 0-0-0 Ke7 13. g3 Rd8 14. Bg2 Bd7 15. Na4 Be8 16. h3 Rac8 17. Bc5+ Bxc5 18. Nxc5 Rxd1+ 19. Rxd1 Rd8 20. Rxd8 Kxd8 21. Kd2 Kc7 22. Ke3 e5 23. b4 h6 24. Be4 Nd7 25. Nd3 f6 26. Bf5 Bf7 27. Nb2 Nb6 28. Bd3 Be6 29. g4 1/2-1/2

[Event "GER-chT U16"]
[Site "Verden an der Aller"]
[Date "2009.12.28"]
[Round "3.1"]
[White "Horbach, Fabian"]
[Black "Hager, Joshua Aarash"]
[Result "1/2-1/2"]
[WhiteElo "1786"]
[BlackElo "2231"]
[PlyCount "99"]
[EventDate "2009.12.27"]
[EventType "team-swiss"]
[EventRounds "7"]
[EventCountry "GER"]
[SourceTitle "EXT 2022"]
[Source "ChessBase"]
[SourceDate "2021.10.06"]
[SourceVersion "1"]
[SourceVersionDate "2021.10.06"]
[SourceQuality "1"]
[WhiteTeam "Herzogenrath U16"]
[BlackTeam "Baden-Baden U16"]
[WhiteTeamCountry "GER"]
[BlackTeamCountry "GER"]

1. d4 Nf6 2. Nf3 g6 3. c4 Bg7 4. Nc3 0-0 5. e3 d6 6. Be2 Nbd7 7. 0-0 c6 8. b4 Qc7 9. a4 e5 10. Ba3 Re8 11. Rc1 exd4 12. Nxd4 Ne5 13. Qb3 Bh6 14. h3 a6 15. b5 axb5 16. axb5 c5 17. Nf3 Be6 18. Nxe5 dxe5 19. Bf3 Bf8 20. Nd5 Bxd5 21. cxd5 Bd6 22. b6 Qe7 23. Bb2 Nd7 24. Ra1 Reb8 25. Bc3 Qd8 26. Rfb1 Rxa1 27. Bxa1 Ra8 28. Be2 Kf8 29. Bc3 Qh4 30. Be1 Ke7 31. f3 Qa4 32. Qxa4 Rxa4 33. Bb5 Ra3 34. Bh4+ f6 35. Bxd7 Kxd7 36. e4 g5 37. Bf2 Ra5 38. Be1 Ra6 39. Bf2 Ra5 40. Be1 Ra3 41. Bf2 c4 42. Rc1 c3 43. Kf1 Bb4 44. Rc2 Kd6 45. Ke2 Ba5 46. Kd3 Ra1 47. Kc4 Rb1 48. Bc5+ Kd7 49. Ra2 Bxb6 50. Bxb6 1/2-1/2

[Event "GER-ch U20 int"]
[Site "Apolda"]
[Date "2009.08.23"]
[Round "9"]
[White "Heimann, Andreas"]
[Black "Hager, Joshua Aarash"]
[Result "1-0"]
[WhiteElo "2435"]
[BlackElo "2217"]
[PlyCount "91"]
[EventDate "2009.08.18"]
[EventType "tourn"]
[EventRounds "9"]
[EventCountry "GER"]
[EventCategory "5"]
[SourceTitle "CBM 132 Extra"]
[Source "ChessBase"]
[SourceDate "2009.11.03"]
[SourceVersion "1"]
[SourceVersionDate "2009.11.03"]
[SourceQuality "1"]

1. e4 c5 2. Nf3 e6 3. c4 Nc6 4. Nc3 e5 5. d3 d6 6. a3 g6 7. b4 Bg7 8. Nd5 Nf6 9. Be2 Bg4 10. Qa4 0-0 11. Bg5 Bxf3 12. Bxf3 Nd4 13. Bg4 Kh8 14. 0-0 h6 15. Bxf6 Bxf6 16. bxc5 dxc5 17. Rab1 b6 18. Qd1 Bg7 19. Bh3 Rb8 20. g3 Rb7 21. f4 f5 22. exf5 Nxf5 23. fxe5 Bxe5 24. Bxf5 gxf5 25. Qf3 Rbf7 26. Rbe1 Qd6 27. Kh1 Rg7 28. Re2 Rg4 29. Rfe1 Bg7 30. Re6 Qd8 31. Re7 a6 32. Nf4 Qa8 33. Qxa8 Rxa8 34. a4 Bd4 35. R1e6 b5 36. axb5 axb5 37. cxb5 Ra1+ 38. Kg2 Ra2+ 39. Kh3 Bg1 40. Ne2 Bf2 41. Rxh6+ Kg8 42. Ra6 Raa4 43. Rxa4 Rxa4 44. b6 Rb4 45. b7 Kf8 46. Rc7 1-0

[Event "GER-ch U20 int"]
[Site "Apolda"]
[Date "2009.08.19"]
[Round "3"]
[White "Hager, Joshua Aarash"]
[Black "Siebarth, Raiko"]
[Result "1-0"]
[WhiteElo "2217"]
[BlackElo "2252"]
[PlyCount "87"]
[EventDate "2009.08.18"]
[EventType "tourn"]
[EventRounds "9"]
[EventCountry "GER"]
[EventCategory "5"]
[SourceTitle "CBM 132 Extra"]
[Source "ChessBase"]
[SourceDate "2009.11.03"]
[SourceVersion "1"]
[SourceVersionDate "2009.11.03"]
[SourceQuality "1"]

1. e4 c5 2. Nf3 d6 3. d4 cxd4 4. Nxd4 Nf6 5. Nc3 a6 6. h3 e6 7. g4 d5 8. exd5 Nxd5 9. Bd2 Nc6 10. Nxc6 bxc6 11. Bg2 Be7 12. Na4 Bd7 13. c4 Nf6 14. 0-0 0-0 15. Be3 h6 16. Qc2 Qc7 17. Rfd1 Rab8 18. Nc5 Bc8 19. b3 Bd6 20. Qd2 Rd8 21. Bf4 Ne8 22. Ne4 e5 23. Bxe5 Bxe5 24. Qxd8 Bxa1 25. Qxe8+ Kh7 26. Rd8 Be5 27. Nd6 Kg6 28. Qxe5 f5 29. gxf5+ Kh7 30. Rh8+ Kxh8 31. Qe8+ Kh7 32. Be4 Be6 33. Qxe6 Rf8 34. f6+ Kh8 35. f7 Qa5 36. Qg6 Qg5+ 37. Qxg5 hxg5 38. Bg6 g4 39. hxg4 c5 40. Kg2 a5 41. Kf3 a4 42. bxa4 Rb8 43. Kg2 Rf8 44. Ne8 1-0

[Event "Dresden ZMD op"]
[Site "Dresden"]
[Date "2009.08.01"]
[Round "8"]
[White "Ruemmler, Roland"]
[Black "Hager, Joshua Aarash"]
[Result "0-1"]
[WhiteElo "2023"]
[BlackElo "2217"]
[PlyCount "94"]
[EventDate "2009.07.25"]
[EventType "swiss"]
[EventRounds "9"]
[EventCountry "GER"]
[SourceTitle "CBM 131 Extra"]
[Source "ChessBase"]
[SourceDate "2009.09.03"]
[SourceVersion "2"]
[SourceVersionDate "2009.09.16"]
[SourceQuality "1"]

1. d4 Nf6 2. Nf3 g6 3. g3 Bg7 4. Bg2 c5 5. d5 d6 6. 0-0 b5 7. Re1 0-0 8. e4 Nfd7 9. a4 b4 10. Nbd2 a5 11. Nc4 Ba6 12. Ne3 Nb6 13. Ra2 N6d7 14. h4 Nf6 15. Nh2 c4 16. Neg4 Ne8 17. Be3 h5 18. Nh6+ Kh7 19. Nf5 gxf5 20. Qxh5+ Kg8 21. exf5 Nf6 22. Qg5 Nh7 23. Qh5 Nd7 24. Ng4 Qe8 25. Nh6+ Kh8 26. Bg5 f6 27. Qxe8 Rfxe8 28. Nf7+ Kg8 29. Nh6+ Bxh6 30. Bxh6 Nc5 31. Bf3 Ra7 32. Bh5 Rb8 33. Raa1 Bc8 34. Bg6 Nf8 35. Bxf8 Kxf8 36. h5 Kg8 37. g4 Rc7 38. Re3 Ra8 39. Rae1 Raa7 40. Rh3 Nxa4 41. h6 Kh8 42. Rhe3 Nxb2 43. g5 Bxf5 44. Bxf5 fxg5 45. Rg3 a4 46. Rxg5 a3 47. Bg6 a2 0-1

[Event "Dresden ZMD op"]
[Site "Dresden"]
[Date "2009.07.29"]
[Round "5"]
[White "Hager, Joshua Aarash"]
[Black "Eskandary, Jahja"]
[Result "0-1"]
[WhiteElo "2217"]
[BlackElo "2112"]
[PlyCount "118"]
[EventDate "2009.07.25"]
[EventType "swiss"]
[EventRounds "9"]
[EventCountry "GER"]
[SourceTitle "CBM 131 Extra"]
[Source "ChessBase"]
[SourceDate "2009.09.03"]
[SourceVersion "2"]
[SourceVersionDate "2009.09.16"]
[SourceQuality "1"]

1. e4 e5 2. Nf3 Nc6 3. Bc4 Bc5 4. 0-0 d6 5. c3 Qe7 6. d4 Bb6 7. Re1 Nf6 8. h3 h6 9. a4 a6 10. b4 0-0 11. Ba3 Re8 12. Ba2 Qd7 13. d5 Ne7 14. c4 a5 15. Bb3 axb4 16. Bxb4 Ba5 17. Bd2 Ng6 18. Kh2 Nf4 19. Ng1 g5 20. Bxa5 Rxa5 21. Re3 Kh7 22. Qf1 b6 23. Nd2 Rg8 24. g3 Ng6 25. Bc2 Qe8 26. Rea3 Bd7 27. R1a2 h5 28. Qa1 h4 29. g4 Nf4 30. f3 Bc8 31. Qb2 Nd7 32. Nb3 Ra8 33. a5 bxa5 34. Nxa5 Nc5 35. Nb3 Rb8 36. Qa1 Nxb3 37. Bxb3 Bd7 38. Bd1 Qc8 39. Ra7 Nd3 40. Ne2 Rb7 41. R7a5 Nc5 42. R2a3 f6 43. Bc2 Kg7 44. Nc3 Rb4 45. Qa2 Qb7 46. Nd1 Qb6 47. Ra8 Rb8 48. Rxb8 Qxb8 49. Ra8 Qb7 50. Kh1 Rxc4 51. Ne3 Rb4 52. Qa3 Rb2 53. Ra7 Qb5 54. Kg1 Rxc2 55. Nxc2 Qb1+ 56. Kf2 Qxc2+ 57. Ke3 Bb5 58. Qa2 Qd3+ 59. Kf2 Qf1+ 0-1